00951cam a2200217Ia 450000500170000000800410001702000180005802000180007604000510009410000280014524501350017326000420030830000230035049000270037350400530040052002060045365000150065965000320067470000190070604100080072520170608110959.0110504s2011 enk fr 001 0deng d a9781780320717 a9781780320724 aCO-BoUCMbengcJose A. GerenadDiana Londoño1 aLocke, Robert R.d1932-10aConfronting managerialismbhow the business elite and their schools threw our lives out of balancecRobert. R Locke, J.-C. Spender aLondres (Inglaterra)bZed Booksc2011 axix, 217 páginas aEconomic controversies aIncluye referencias bibliográficas e índices8 aLocke and Spender show how business managers who were once well-regarded as custodians of the economic engines of growth and social progress now seem closer to the rapacious robber barons of the 1880s. 0aBurocracia 7aAdministración industrial1 aSpender, J.-C. aeng